Statistiques concernant Verbes Irréguliers Italien - Traduction

Cliquez ici pour prendre le quiz!

Statistiques générales

  • Ce quiz a été pris 126 fois
  • Le résultat moyen est 30 sur 47

Statistiques - réponses

TraductionInfinitifP,SimpleP,Passe% Correct
AvoirAvereEbbiAvuto
95%
DeciderDecidereDecisiDeciso
92%
ConnaitreConoscereConobiConosciulto
89%
EtreEssereFuiStato
89%
RepondreRispondereRisposiRisposto
89%
OffrirOffrireOffersiOfferto
88%
PrendrePrenderePresiPreso
87%
PerdrePerderePersiPerso
86%
RendreRendereResiReso
86%
DefendreDifendereDifesiDifeso
85%
DiscuterDiscutereDiscussiDiscusso
85%
Engager/AssumerAssumereAssunsiAssunto
85%
CourirCorrereCorsiCorso
84%
ProtegerProteggereProtessiProtetto
84%
Bouger/DeplacerMuovereMossiMosso
83%
DistinguerDistinguereDistinsiDistinto
83%
LireLeggereLessiLetto
83%
SouffrirSoffrireSoffersiSofferto
82%
MettreMettereMisiMesso
81%
RompreRompereRupppiRotto
81%
DirigerDirigereDiressiDiretto
78%
Vaincre/GagnerVincereVinsiVinto
78%
FermerChiudereChiusiChiuso
76%
DiviserDividereDivisiDiviso
74%
OuvrirAprireApersiAperto
72%
RireRidereRisiRisi
72%
DepenserSpendereSpesiSpeso
68%
DescendreScendereScesiSceso
66%
ExploserEsplodereEsplosiEsploso
66%
DetruireDistruggereDistrussiDistrutto
63%
ChoisirScegliereScelsiScelto
61%
Croitre/GrandirCrescereCrebbiCresciuto
56%
AllumerAccendereAccesiAcceso
55%
DemanderChiedereChiesiChiesto
53%
PleurerPiangerePiansiPianto
52%
CacherNascondereNascosiNascosto
48%
TuerUccidereUccisiUcciso
48%
PeindreDipingereDipinsiDipinto
45%
EteindreSpegnereSpensiSpento
39%
Joindre/ArriverGiungereGiunsiGiunto
28%
Feindre/Faire semblantFingereFinsiFinto
24%
SerrerStringereStrinsiStretto
19%
PousserSpingereSpinsiSpinto
18%
TournerVolgereVolsiVolto
15%
Faire AllusionAlludereAllusiAlluso
12%
Se rendre compteAccorgersiMi AccorsiAccorto
10%
ApercevoirScorgereScorsiScorto
8%

Distribution des résultats

Percentile par nombre de réponses

% des personnes avec chaque résultat

Votre développement - résultats

Vous n’avez pas pris ce quiz